000 01294cam a2200349 a 4500
001 15277950
003 OSt
005 20140310182725.0
008 080426s2009 at a b 001 0 eng
010 _a 2007905316
020 _a9789814272667
040 _aDLC
_cDLC
_dDLC
050 0 0 _aBF 637.C6
_b.C574 2009
100 1 _aCorey, Gerald.
245 1 0 _aCounseling and Psychotherapy :
_cGerald Corey.
_bTheory and Practice /
250 _aphilippine ed.
260 _aAustralia ;
_aBelmont, CA :
_bThomson/Brooks/Cole,
_cc2009.
300 _axix, 519 p. :
_bill. ;
_c24 cm.
521 _aPSYCH
562 _eFor circulation. 3 copy available in the collection
650 0 _aCounseling.
650 0 _aPsychotherapy.
856 4 2 _3Contributor biographical information
_uhttp://www.loc.gov/catdir/enhancements/fy1104/2007905316-b.html
856 4 2 _3Publisher description
_uhttp://www.loc.gov/catdir/enhancements/fy1104/2007905316-d.html
856 4 1 _3Table of contents only
_uhttp://www.loc.gov/catdir/enhancements/fy1104/2007905316-t.html
906 _a7
_bcbc
_corigcop
_d3
_eopcn
_f20
_gy-gencatlg
942 _2lcc
_cBK
_kFOR
999 _c15388
_d15388